00000000nam##2200000za#4500
0019.611128
003CaOODSP
00520200327121622
007ta
008150406|1994||||xxc|||||     f|0| 0 eng|d
020 |a0-660-14018-7
022 |a0833-0506
040 |aCaOODSP|beng
043 |an-cn---
0861 |aNM95-31/7E
1101 |aCanada.|bCanadian Museum of Civilization.
24510|aMartin Frobisher's northwest venture, 1576-1581 : |bMines, minerals & metallurgy / |cby D.D. Hogarth et al.
2463 |aMines, Minerals and Metallurgy
260 |aGatineau - Quebec : |bCanadian Museum of Civilization |c1994.
300 |axiii, 181p. : |bfigs., maps, references, tables ; |c25 cm.
4901 |aDirectorate paper|x0833-0506|vNo. 7
500 |a"This is an appraisal of Martin Frobisher's voyages to Baffin Island in 1576, 1577 and 1578, from the viewpoint of his attempt to mine and process gold ore."--Preface.
500 |aAlso part of: Mercury series (ISSN 0316-1854).
5203 |aThis is an appraisal of Martin Frobisher's voyages to Baffin Island in 1576, 1577 and 1578, from the viewpoint of his attempt to mine and process gold ore.--Preface
546 |aRésumé en français.
563 |aSoftcover
69007|aMining industry|2gcpds
69007|aMetals|2gcpds
69007|aMinerals|2gcpds
69007|aNorthern Canada|2gcpds
7201 |aHogarth, D. D.
7760#|tMartin Frobisher's northwest venture, 1576-1581 : |w(CaOODSP)9.557063
7760#|tMartin Frobisher's northwest venture, 1576-1581 : |w(CaOODSP)9.557079
830#0|aDirectorate paper,|x0833-0506|vNo. 7|w(CaOODSP)9.514832